[Event "OHS 2019"]
[Site "?"]
[Date "2019.03.11"]
[Round "6.18"]
[White "Bacaksiz, Bilal"]
[Black "Heinz, Hans-Werner"]
[Result "1-0"]
[WhiteElo "1638"]
[BlackElo "1349"]
[PlyCount "69"]
[EventDate "2019.??.??"]
[WhiteTeam "SF Springer Bochum 19"]
[BlackTeam "SC Recklinghausen Altsta"]

1. d4 d5 2. Bf4 Nf6 3. e3 e6 4. Nd2 Be7 5. Bd3 Nc6 6. c3 a6 7. Ngf3 h6 8. Ne5
Nxe5 9. dxe5 Nd7 10. O-O Nc5 11. Bc2 b6 12. Qg4 g5 13. Bg3 Kd7 14. f4 h5 15.
Qe2 Qg8 16. Rad1 Ke8 17. b4 Nb7 18. Nb3 Bd7 19. Bd3 b5 20. e4 c6 21. f5 exf5
22. exf5 Kd8 23. Bf2 Kc8 24. Rde1 f6 25. e6 Be8 26. Ra1 h4 27. a4 Bh5 28. Qe3
Be8 29. axb5 cxb5 30. Ra2 g4 31. Rfa1 a5 32. Nxa5 Nxa5 33. Rxa5 Rxa5 34. Rxa5
Bc6 35. Bxb5 1-0

[Event "OHs 2019"]
[Site "?"]
[Date "2019.03.11"]
[Round "6.19"]
[White "Bock, Oswin"]
[Black "Eibl, Rüdiger"]
[Result "0-1"]
[WhiteElo "1368"]
[BlackElo "1662"]
[PlyCount "76"]
[EventDate "2019.??.??"]
[WhiteTeam "SG Höntrop 1947"]
[BlackTeam "SC Buer-Hassel 1919 e.V."]

1. Nf3 d6 2. d4 Nf6 3. g3 Nbd7 4. Bg2 c6 5. c3 h6 6. O-O Qc7 7. Nbd2 d5 8. Qc2
Nb6 9. b3 Bg4 10. Re1 e6 11. a4 Bd6 12. e4 dxe4 13. Nxe4 Nxe4 14. Qxe4 Bf5 15.
Qe2 O-O 16. Nh4 Bh7 17. Qg4 f5 18. Qh5 Rf6 19. c4 Bb4 20. Bf4 Qf7 21. Qxf7+
Kxf7 22. Re2 g5 23. Be5 gxh4 24. Bxf6 Kxf6 25. gxh4 Rd8 26. a5 Nc8 27. a6 b6
28. Bxc6 Rxd4 29. Bb7 Ne7 30. Ra4 Rg4+ 31. Kh1 Bc3 32. c5 Rxa4 33. bxa4 bxc5
34. Rc2 Bd4 35. Kg2 Nd5 36. Kf3 Bg6 37. Bxd5 exd5 38. Kg2 f4 0-1

[Event "OHS 2019"]
[Site "?"]
[Date "2019.03.11"]
[Round "6.20"]
[White "Schmidt, Rolf-Günther"]
[Black "Böcher, Joachim"]
[Result "1-0"]
[WhiteElo "1208"]
[BlackElo "1506"]
[PlyCount "95"]
[EventDate "2019.??.??"]
[WhiteTeam "Recklinghäuser Schachgemeinschaf"]
[BlackTeam "SG Höntrop 1947"]

1. d4 d5 2. c4 Nf6 3. Nc3 c6 4. Nf3 g6 5. Bg5 Bg7 6. Bxf6 Bxf6 7. e3 O-O 8. Be2
e6 9. O-O Nd7 10. Rc1 Qa5 11. cxd5 exd5 12. Re1 Bg7 13. a3 Nf6 14. h3 Re8 15.
Na4 Ne4 16. Nc3 f5 17. Nxe4 fxe4 18. Nh2 Qd8 19. Bg4 Qe7 20. Bxc8 Raxc8 21. Qg4
Bf8 22. Rf1 Bh6 23. Rc2 Rf8 24. Qe2 Rf7 25. Ng4 Bg7 26. Rc3 Rcf8 27. Nh2 Qh4
28. Qg4 Qe7 29. Rc2 Qd6 30. Qe2 Rf5 31. f3 exf3 32. Rxf3 Rxf3 33. Nxf3 Qg3 34.
Qf2 Qd6 35. Qe1 Qe7 36. Re2 Re8 37. Kh1 Qe4 38. Ng5 Qf5 39. Nf3 Bf8 40. Ne5 Bd6
41. Rf2 Qe6 42. Ng4 Bg3 43. Rf8+ Rxf8 44. Qxg3 Re8 45. Ne5 Qf5 46. Kh2 c5 47.
Ng4 cxd4 48. Nh6+ 1-0

[Event "OHS 2019"]
[Site "?"]
[Date "2019.03.18"]
[Round "7.1"]
[White "Arndt, Olaf"]
[Black "Quast, Marcel"]
[Result "0-1"]
[WhiteElo "1967"]
[BlackElo "2222"]
[PlyCount "94"]
[EventDate "2019.??.??"]
[WhiteTeam "SV Horst-Emscher 31"]
[BlackTeam "SC Gerthe 46 - Werne"]

1. e4 Nf6 2. Nc3 e5 3. Nf3 d6 4. d4 exd4 5. Nxd4 Be7 6. Qf3 Nbd7 7. Be2 O-O 8.
Qg3 Ne5 9. h4 c5 10. Nf5 Bxf5 11. exf5 Kh8 12. Bf4 Nc6 13. O-O-O Nd4 14. Qd3 d5
15. g4 Re8 16. Bf3 Qa5 17. Kb1 Rad8 18. Rde1 Nxf3 19. Qxf3 d4 20. Ne4 c4 21.
Ng5 Kg8 22. Re5 Qb4 23. Rhe1 Bd6 24. Rxe8+ Nxe8 25. Rd1 Bxf4 26. Qxf4 c3 27. b3
Nf6 28. f3 Qa3 29. Qc1 Qd6 30. a3 Re8 31. h5 Re2 32. Nh3 Qh2 33. Nf4 Rd2 34.
Nd3 Nd5 35. Rh1 Qd6 36. Rd1 Rxd1 37. Qxd1 Qxa3 38. Qe1 Ne3 39. Qg3 h6 40. Qe5
Nxc2 41. Qe8+ Kh7 42. Qxf7 Qa1+ 43. Kxc2 Qa2+ 44. Nb2 Qxb2+ 45. Kd3 Qd2+ 46.
Ke4 Qg5 47. Kxd4 c2 0-1

[Event "OHS 2019"]
[Site "?"]
[Date "2019.03.18"]
[Round "7.2"]
[White "Ribbeheger, Edgar"]
[Black "Hammerich, Simon"]
[Result "0-1"]
[WhiteElo "2054"]
[BlackElo "1994"]
[PlyCount "70"]
[EventDate "2019.??.??"]
[WhiteTeam "SK Sodingen/Castrop 24/23 e.V."]
[BlackTeam "SF Gelsenkirchen 2002"]

1. c4 e5 2. Nc3 Nf6 3. g3 c6 4. d4 e4 5. Bg5 Bb4 6. Qc2 d5 7. a3 Bxc3+ 8. Qxc3
O-O 9. e3 Nbd7 10. c5 b6 11. b4 a5 12. b5 Bb7 13. cxb6 Qxb6 14. Rb1 Rfc8 15.
Qb2 c5 16. Bh3 Rd8 17. Bxd7 Rxd7 18. Bxf6 gxf6 19. dxc5 Qxc5 20. Ne2 d4 21.
exd4 Qf5 22. Rf1 e3 23. fxe3 Qe4 24. Rf4 Qxe3 25. Qd2 Qe6 26. Kd1 Rc8 27. Qxa5
Rdc7 28. Rb2 Bd5 29. Qb4 Qe3 30. Qd2 Bb3+ 31. Rxb3 Qxb3+ 32. Ke1 Re7 33. Rg4+
Kh8 34. Qh6 Rxe2+ 35. Kxe2 Rc2+ 0-1

[Event "OHS 2019"]
[Site "?"]
[Date "2019.03.18"]
[Round "7.3"]
[White "Kiese, Matthias"]
[Black "Czarnik, Jozef"]
[Result "1/2-1/2"]
[WhiteElo "2220"]
[BlackElo "1893"]
[PlyCount "44"]
[EventDate "2019.??.??"]
[WhiteTeam "Bochumer SV 02"]
[BlackTeam "SV Königsspringer Halt"]

1. d4 c5 2. d5 g6 3. e4 d6 4. Nf3 Bg7 5. Bb5+ Bd7 6. a4 a6 7. Bxd7+ Nxd7 8. a5
Ngf6 9. Nc3 O-O 10. O-O b5 11. axb6 Qxb6 12. Nd2 Qc7 13. Qe2 Nb6 14. Nb3 Qc8
15. h3 Re8 16. Rd1 Nfd7 17. Na4 Nxa4 18. Rxa4 Nb6 19. Ra2 e6 20. dxe6 Rxe6 21.
Be3 Rxe4 22. Qf3 Re6 1/2-1/2

[Event "OHS 2019"]
[Site "?"]
[Date "2019.03.18"]
[Round "7.4"]
[White "Wiechen, Ulrich"]
[Black "Schmidt, Ralph"]
[Result "1-0"]
[WhiteElo "2156"]
[BlackElo "1971"]
[PlyCount "111"]
[EventDate "2019.??.??"]
[WhiteTeam "SC Buer-Hassel 1919 e.V."]
[BlackTeam "SV Bochum-Linden-Dahlh"]

1. e4 e5 2. Nf3 Nc6 3. Bc4 Bc5 4. O-O Nf6 5. d4 exd4 6. e5 d5 7. exf6 dxc4 8.
Re1+ Be6 9. Ng5 Qd5 10. Nc3 Qf5 11. g4 Qxf6 12. Nd5 Qd8 13. Rxe6+ fxe6 14. Nxe6
Qd7 15. Ndxc7+ Kf7 16. Qf3+ Kg8 17. Bf4 Bb6 18. Nxa8 Qxe6 19. Nxb6 axb6 20. Kf1
h6 21. Re1 Qf7 22. Qe4 Qd7 23. Bd2 Kf7 24. Qf3+ Kg6 25. c3 Rd8 26. cxd4 Nxd4
27. Qe4+ Kf7 28. Bc3 Nc6 29. Qxc4+ Qd5 30. Qxd5+ Rxd5 31. Re4 Nb8 32. Rf4+ Kg6
33. h4 h5 34. g5 Nd7 35. Ke2 Nc5 36. Rb4 Rd6 37. Bd4 Re6+ 38. Kf3 Nd3 39. Rb5
Kf7 40. Bxb6 Ne1+ 41. Kg3 Re4 42. f3 Re2 43. Bf2 Nd3 44. Rxb7+ Ke6 45. Bd4 g6
46. a4 Ne1 47. Rb5 Rg2+ 48. Kh3 Re2 49. Kg3 Rg2+ 50. Kf4 Kd6 51. Bc3 Nd3+ 52.
Ke3 Nf2 53. Rb6+ Kc5 54. Rb5+ Kd6 55. a5 Rh2 56. a6 1-0

[Event "OHS 2019"]
[Site "?"]
[Date "2019.03.18"]
[Round "7.5"]
[White "Peters, Georg"]
[Black "Löffelbein, Klaus"]
[Result "1/2-1/2"]
[WhiteElo "1854"]
[BlackElo "2002"]
[PlyCount "36"]
[EventDate "2019.??.??"]
[WhiteTeam "SK Xanten e.V."]
[BlackTeam "SC Gerthe 46 - Werne"]

1. e4 c5 2. Nc3 Nc6 3. g3 g6 4. Bg2 Bg7 5. Nge2 d6 6. O-O Nf6 7. d3 O-O 8. h3
a6 9. a4 Rb8 10. Be3 Nd7 11. d4 cxd4 12. Nxd4 Nde5 13. Qe2 Nxd4 14. Bxd4 Be6
15. Rfd1 Qc8 16. Nd5 Bxd5 17. exd5 Qc4 18. Qxc4 Nxc4 1/2-1/2

[Event "OHS 2019"]
[Site "?"]
[Date "2019.03.18"]
[Round "7.6"]
[White "Ritter, Wolfgang"]
[Black "Funke, Eckhard"]
[Result "0-1"]
[WhiteElo "1558"]
[BlackElo "1867"]
[PlyCount "92"]
[EventDate "2019.??.??"]
[WhiteTeam "SG Drewer 54 e.V"]
[BlackTeam "SV Günnigfeld 1922 e.V"]

1. e4 c5 2. Bc4 e6 3. Nc3 a6 4. a4 d6 5. Nf3 Nf6 6. d3 Nc6 7. Be3 Be7 8. O-O
Bd7 9. d4 Ng4 10. d5 Na5 11. Be2 Nxe3 12. fxe3 e5 13. Qd2 O-O 14. h3 c4 15.
Rab1 b5 16. axb5 axb5 17. b4 cxb3 18. cxb3 Qb6 19. Kh1 Rfc8 20. Rfc1 b4 21. Na2
Rxc1+ 22. Nxc1 Rb8 23. Rb2 Nb7 24. Nd3 Nc5 25. Nxc5 Qxc5 26. Rc2 Qb6 27. Bc4 h6
28. Qf2 Ra8 29. g4 Ra1+ 30. Kg2 Qa7 31. Nxe5 dxe5 32. d6 Bf6 33. h4 Be6 34.
Bxe6 fxe6 35. h5 Rd1 36. Rd2 Rxd2 37. Qxd2 Qd7 38. Qxb4 Kh7 39. Qc5 Bd8 40. b4
Qb7 41. Qc4 Qd7 42. Qd3 Qa4 43. Qc4 Qd1 44. Kg3 Qe1+ 45. Kf3 Bh4 46. Kg2 Qf2+
0-1

[Event "OHS 2019"]
[Site "?"]
[Date "2019.03.18"]
[Round "7.7"]
[White "Boost, Jürgen"]
[Black "Rath, Michael"]
[Result "0-1"]
[WhiteElo "1942"]
[BlackElo "1797"]
[PlyCount "72"]
[EventDate "2019.??.??"]
[WhiteTeam "SC Gerthe 46 - Werne"]
[BlackTeam "SV Königsspringer Halt"]

1. e4 e6 2. d4 b6 3. Bd3 Bb7 4. Nf3 c5 5. O-O Nf6 6. e5 Nd5 7. a3 Nc6 8. c4
Nde7 9. dxc5 bxc5 10. Nc3 Ng6 11. Re1 Be7 12. Be4 a6 13. Rb1 Qc7 14. Qe2 d6 15.
exd6 Bxd6 16. g3 O-O-O 17. b4 cxb4 18. axb4 Bxb4 19. Bxc6 Qxc6 20. Rxb4 Qxf3
21. Qxf3 Bxf3 22. Be3 Rd3 23. Na4 Rhd8 24. Nc5 Rd1 25. Rb1 a5 26. Na4 Rxb1 27.
Rxb1 Rd1+ 28. Rxd1 Bxd1 29. Nc3 Bb3 30. Nb5 Ne5 31. Nd6+ Kd7 32. c5 a4 33. Bf4
Nd3 34. Be3 f5 35. Nb5 e5 36. Na3 Kc6 0-1

[Event "OHS 2019"]
[Site "?"]
[Date "2019.03.18"]
[Round "7.8"]
[White "Kowalczyk, Frank"]
[Black "Schicktanz, Florian"]
[Result "1/2-1/2"]
[WhiteElo "1748"]
[BlackElo "1767"]
[PlyCount "92"]
[EventDate "2019.??.??"]
[WhiteTeam "SK Sodingen/Castrop 24/23 e.V."]
[BlackTeam "SV Erkenschwick 1923 e"]

1. e4 e5 2. Nf3 Nc6 3. Bc4 Nf6 4. d3 Bc5 5. c3 O-O 6. O-O d5 7. exd5 Nxd5 8. h3
Nb6 9. Bb3 h6 10. Qe2 Bd6 11. Nbd2 Kh8 12. Ne4 f5 13. Nxd6 cxd6 14. Ng5 Qe8 15.
Nf3 Na5 16. Bd1 Bd7 17. Nh2 e4 18. Bc2 Bb5 19. Re1 Qg6 20. a4 exd3 21. Bxd3
Bxd3 22. Qxd3 Nb3 23. Ra3 Nxc1 24. Rxc1 Qg5 25. Rd1 d5 26. b3 Rad8 27. Nf3 Qe7
28. Ra2 Qe4 29. Qb5 Qe8 30. Re1 Qc6 31. Qxc6 bxc6 32. Rae2 Kg8 33. Nd4 Rf6 34.
Ne6 Re8 35. Nc5 Rxe2 36. Rxe2 Kf7 37. a5 Nc8 38. f3 Nd6 39. Kf2 Nb5 40. c4 Nd4
41. Rb2 Rd6 42. Ke3 Ne6 43. Nxe6 Kxe6 44. Kd4 dxc4+ 45. Kxc4 Kd7 46. Re2 Rd1
1/2-1/2

[Event "OHS 2019"]
[Site "?"]
[Date "2019.03.18"]
[Round "7.9"]
[White "Melmer, Felix"]
[Black "Müller-Kreth, Kai"]
[Result "0-1"]
[WhiteElo "2031"]
[BlackElo "1775"]
[PlyCount "138"]
[EventDate "2019.??.??"]
[WhiteTeam "SC Gerthe 46 - Werne"]
[BlackTeam "SK Sodingen/Castrop 24/23 e.V."]

1. e4 e5 2. Nf3 Nc6 3. Bc4 Bc5 4. O-O Nf6 5. d3 h6 6. c3 d6 7. h3 O-O 8. Re1
Be6 9. Nbd2 a6 10. a4 Bxc4 11. Nxc4 b5 12. Ne3 Ne7 13. Qc2 c6 14. b4 Ba7 15. d4
exd4 16. cxd4 Qd7 17. Bb2 Rfc8 18. e5 Nfd5 19. Qb3 Nxe3 20. Rxe3 Nd5 21. Re4
Bb6 22. a5 Ba7 23. Rae1 Re8 24. Bc1 Re6 25. Nh4 Rae8 26. Nf5 dxe5 27. dxe5 Bb8
28. Qg3 Rg6 29. Qf3 Rge6 30. Qg4 g6 31. Nxh6+ Kf8 32. Bg5 f5 33. exf6 Rxe4 34.
Rxe4 Rxe4 35. Qxe4 Qe8 36. Qxe8+ Kxe8 37. f7+ Kf8 38. Bd2 Bd6 39. Kf1 Bxb4 40.
Ke2 Bxd2 41. Kxd2 c5 42. Ng4 Kxf7 43. Ne5+ Kg7 44. Nd7 c4 45. Nc5 Nc7 46. h4
Kf6 47. g4 b4 48. Nd7+ Ke6 49. Nb6 c3+ 50. Kc2 Nd5 51. Na4 Ke5 52. Nc5 Kd4 53.
Nxa6 Kc4 54. h5 b3+ 55. Kc1 Kb5 56. Nc7+ Nxc7 57. h6 Nd5 58. h7 Nf4 59. h8=Q
Nd3+ 60. Kd1 c2+ 61. Kd2 c1=Q+ 62. Kxd3 Qc2+ 63. Ke3 b2 64. Qe8+ Kxa5 65. Qe5+
Kb4 66. Qd4+ Kb3 67. Qd5+ Qc4 68. Qd1+ Ka2 69. Qd2 Qc1 0-1

[Event "OHS 2019"]
[Site "?"]
[Date "2019.03.18"]
[Round "7.10"]
[White "Dreckmann, Günter"]
[Black "Sehrbrock, Christoph"]
[Result "1/2-1/2"]
[WhiteElo "1605"]
[BlackElo "1970"]
[PlyCount "68"]
[EventDate "2019.??.??"]
[WhiteTeam "SV Königsspringer Halt"]
[BlackTeam "SV Waltrop 1922 e.V."]

1. c4 e5 2. Nc3 Nf6 3. Nf3 Nc6 4. a3 d5 5. d4 exd4 6. Nxd4 dxc4 7. Nxc6 Qxd1+
8. Nxd1 bxc6 9. g3 Be6 10. Bg2 Bd5 11. O-O Bc5 12. Bf4 Bd6 13. Nc3 Bxg2 14.
Kxg2 Bxf4 15. gxf4 Nd5 16. Rfd1 Nxf4+ 17. Kf3 Ne6 18. Na2 Rb8 19. Rd2 c5 20. e3
Ke7 21. Rc1 Rb3 22. Ke2 Rhb8 23. Rcc2 R3b6 24. Nc3 c6 25. Na4 Rb5 26. Rxc4 Rd8
27. Rdc2 Rdb8 28. Kd3 Rb3+ 29. Ke2 R3b5 30. Kd3 Rb3+ 31. Ke2 Kd6 32. Rd2+ Kc7
33. Rdc2 Kd6 34. Rd2+ Kc7 1/2-1/2

[Event "OHS 2019"]
[Site "?"]
[Date "2019.03.18"]
[Round "7.11"]
[White "Gritzan, Ulrich"]
[Black "Neumann, Alfred"]
[Result "0-1"]
[WhiteElo "1793"]
[BlackElo "1725"]
[PlyCount "119"]
[EventDate "2019.??.??"]
[WhiteTeam "SF Gelsenkirchen 2002"]
[BlackTeam "SV Datteln 1924"]

1. c4 c5 2. Nf3 Nf6 3. Nc3 Nc6 4. g3 g6 5. Bg2 Bg7 6. O-O O-O 7. d3 d5 8. cxd5
Nxd5 9. Bd2 Re8 10. Rc1 Nxc3 11. Bxc3 e5 12. Qd2 Bf5 13. Nh4 Be6 14. a3 Qd7 15.
e3 Rad8 16. Rfd1 Bb3 17. Re1 Qxd3 18. Qxd3 Rxd3 19. Bxc6 bxc6 20. e4 Bh6 21.
Rb1 Red8 22. Bxe5 Bg7 23. Bf4 R8d7 24. Re2 a5 25. e5 h6 26. Be3 a4 27. f4 c4
28. Rc1 Rd1+ 29. Kf2 Bf8 30. Rxd1 Bxd1 31. Rd2 Rd3 32. Ng2 Bg4 33. Rc2 Be6 34.
Ne1 Rb3 35. Bd4 Bd5 36. Ke2 Be7 37. Bc3 Bc5 38. Nf3 Be4 39. Rc1 Rb7 40. Nd2
Bd3+ 41. Kf3 Rd7 42. Ne4 Be7 43. Ke3 Kf8 44. Bd4 Rd5 45. Rd1 Ke8 46. Rd2 Kd7
47. Nf2 Bb1 48. Ng4 h5 49. Nf2 Ke6 50. Ne4 Bd3 51. Nc3 Ra5 52. Kf3 Bf5 53. Bb6
Ra6 54. Be3 Ra8 55. Ne4 Bg4+ 56. Kg2 Rb8 57. Bc5 Rb3 58. Bxe7 Kxe7 59. Nc3 Bf5
60. Nxa4 0-1

[Event "OHS 2019"]
[Site "?"]
[Date "2019.03.18"]
[Round "7.12"]
[White "Ewers, Christian"]
[Black "Engelmann, Chris"]
[Result "1-0"]
[WhiteElo "1732"]
[BlackElo "1788"]
[PlyCount "75"]
[EventDate "2019.??.??"]
[WhiteTeam "SG Mengede 1922"]
[BlackTeam "SV Unser Fritz Wanne-E"]

1. b4 e5 2. Bb2 d6 3. e3 Nf6 4. c4 Be7 5. Qc2 O-O 6. h3 Be6 7. d3 Nbd7 8. Nf3
c6 9. Nc3 Rc8 10. Ng5 d5 11. Nxe6 fxe6 12. a3 Ne8 13. g3 Bd6 14. Bg2 Qg5 15.
O-O Nef6 16. Ne2 Rf7 17. e4 d4 18. c5 Bc7 19. a4 h5 20. Bc1 Qg6 21. h4 Rcf8 22.
Bg5 Nh7 23. f4 exf4 24. gxf4 Nxg5 25. fxg5 e5 26. Qc4 Kh8 27. Kh2 Rf2 28. Ng3
Bd8 29. Rxf2 Rxf2 30. Rf1 Rf8 31. Rxf8+ Nxf8 32. Bh3 Qe8 33. Nf5 Ng6 34. Nd6
Qf8 35. Nf7+ Kh7 36. Bf5 Qe7 37. Nxd8 Qxd8 38. Qe6 1-0

[Event "OHS 2019"]
[Site "?"]
[Date "2019.03.18"]
[Round "7.13"]
[White "Steinke, Hans-Jörg"]
[Black "Ponto, Michael"]
[Result "1/2-1/2"]
[WhiteElo "1784"]
[BlackElo "1742"]
[PlyCount "45"]
[EventDate "2019.??.??"]
[WhiteTeam "SV Datteln 1924"]
[BlackTeam "SV Horst-Emscher 31"]

1. d4 d5 2. c4 c6 3. Nf3 Nf6 4. Nc3 g6 5. e3 Bg7 6. Bd3 O-O 7. O-O Re8 8. cxd5
cxd5 9. Bd2 Nc6 10. Rc1 Bg4 11. Be2 e5 12. dxe5 Nxe5 13. Nd4 Bxe2 14. Ncxe2 Nc4
15. Bc3 Ne4 16. b3 Nxc3 17. Nxc3 Nb6 18. Qd3 a6 19. Rfd1 Rc8 20. Nde2 Qg5 21.
a4 Rcd8 22. a5 d4 23. Nxd4 1/2-1/2

[Event "OHS 2019"]
[Site "?"]
[Date "2019.03.18"]
[Round "7.14"]
[White "Bialas, Jan-Philip"]
[Black "Sikorski, Thomas"]
[Result "1-0"]
[WhiteElo "1518"]
[BlackElo "1806"]
[PlyCount "113"]
[EventDate "2019.??.??"]
[WhiteTeam "SV Datteln 1924"]
[BlackTeam "SF Essen-Katernberg 0"]

1. d4 c6 2. c4 d6 3. Nf3 Nd7 4. e3 e5 5. d5 Ngf6 6. Nc3 Be7 7. Be2 O-O 8. O-O
Re8 9. b3 Nf8 10. Bb2 Ng6 11. Qc2 Bd7 12. Rad1 c5 13. Nd2 Qc8 14. Bd3 Rf8 15.
Ne2 Ne8 16. f4 f5 17. Ng3 e4 18. Be2 Bf6 19. Nh5 Qd8 20. Nxf6+ Nxf6 21. Qc3 Qe7
22. g3 b5 23. Qc2 b4 24. Ra1 Nh8 25. Bxf6 Qxf6 26. Kf2 g5 27. Rg1 gxf4 28.
gxf4+ Kf7 29. Qd1 Rg8 30. Nf1 Qh4+ 31. Rg3 Rxg3 32. hxg3 Qh1 33. a3 bxa3 34.
Rxa3 Qh6 35. Qa1 Qf6 36. Qxf6+ Kxf6 37. Nh2 Nf7 38. g4 h6 39. gxf5 Bxf5 40. Bg4
Bxg4 41. Nxg4+ Kf5 42. Nh2 a6 43. Nf1 h5 44. Ng3+ Kg4 45. Nxe4 h4 46. Ra1 Rb8
47. Rg1+ Kf5 48. Nd2 h3 49. Rg7 Rh8 50. e4+ Kf6 51. Rg1 h2 52. Rh1 Rh3 53. Nf3
Nh6 54. Kg2 Rh5 55. Rxh2 Rxh2+ 56. Nxh2 Kg6 57. Kf3 1-0

[Event "OHS 2019"]
[Site "?"]
[Date "2019.03.18"]
[Round "7.15"]
[White "Gausmann, Thomas"]
[Black "Buchhop, Rainer"]
[Result "1-0"]
[WhiteElo "1563"]
[BlackElo "1491"]
[PlyCount "59"]
[EventDate "2019.??.??"]
[WhiteTeam "SG Bochum 1931"]
[BlackTeam "SV Unser Fritz Wanne-E"]

1. e4 c5 2. Nc3 e6 3. f4 d5 4. Bb5+ Bd7 5. Bxd7+ Qxd7 6. Nf3 d4 7. Ne2 f6 8. d3
Nc6 9. O-O Bd6 10. c3 Bc7 11. cxd4 cxd4 12. Qa4 O-O-O 13. Bd2 Kb8 14. Rfc1 Nge7
15. Rc4 Bb6 16. Rac1 e5 17. b4 Ng6 18. f5 Nf8 19. b5 Ne7 20. Qb3 Rc8 21. a4
Rxc4 22. Qxc4 Qc8 23. Qf7 Qd7 24. Qxg7 Rg8 25. Qxf6 Bd8 26. Qxe5+ Bc7 27. Qf6
Qe8 28. Rxc7 Kxc7 29. Bf4+ Kc8 30. Qe5 1-0

[Event "OHS 2019"]
[Site "?"]
[Date "2019.03.18"]
[Round "7.16"]
[White "Eibl, Rüdiger"]
[Black "Bacaksiz, Bilal"]
[Result "1/2-1/2"]
[WhiteElo "1662"]
[BlackElo "1638"]
[PlyCount "53"]
[EventDate "2019.??.??"]
[WhiteTeam "SC Buer-Hassel 1919 e.V."]
[BlackTeam "SF Springer Bochum 19"]

1. d4 c6 2. Bf4 Qb6 3. Qc1 d5 4. e3 Bf5 5. Nf3 Nd7 6. Bd3 Bg6 7. Nbd2 e6 8. a3
Be7 9. Ne5 Nxe5 10. dxe5 Bxd3 11. cxd3 c5 12. O-O h5 13. h3 g5 14. Bh2 Nh6 15.
e4 g4 16. hxg4 Nxg4 17. Bf4 Qd8 18. exd5 exd5 19. Nf3 Rg8 20. Qd1 Rc8 21. Re1
Rc6 22. Qa4 Kf8 23. e6 fxe6 24. Qxa7 e5 25. Bxe5 Rcg6 26. g3 h4 27. Kf1 1/2-1/2

[Event "OHS 2019"]
[Site "?"]
[Date "2019.03.18"]
[Round "7.17"]
[White "Demond, Ricardo"]
[Black "Tolksdorf, Jürgen"]
[Result "1-0"]
[WhiteElo "1686"]
[BlackElo "1582"]
[PlyCount "67"]
[EventDate "2019.??.??"]
[WhiteTeam "SC Buer-Hassel 1919 e.V."]
[BlackTeam "SG Höntrop 1947"]

1. e4 c5 2. Nf3 Nc6 3. d4 cxd4 4. Nxd4 e6 5. c4 Bb4+ 6. Bd2 Bxd2+ 7. Qxd2 Nge7
8. Nc3 a6 9. Be2 O-O 10. O-O d5 11. cxd5 exd5 12. Nxc6 bxc6 13. exd5 Nxd5 14.
Nxd5 Qxd5 15. Qxd5 cxd5 16. Rfd1 Be6 17. Bf3 Rab8 18. Rd2 g6 19. Rad1 Rfd8 20.
Be2 a5 21. b3 Rb4 22. Bc4 a4 23. a3 Rxb3 24. Bxb3 axb3 25. a4 Rb8 26. Rb2 Rb4
27. Ra1 d4 28. a5 d3 29. a6 Bd5 30. a7 Ba8 31. f3 f5 32. Kf2 f4 33. Ra3 Rd4 34.
Ke1 1-0

[Event "OHS 2019"]
[Site "?"]
[Date "2019.03.18"]
[Round "7.18"]
[White "Schmidt, Rolf-Günther"]
[Black "Illner, Jan"]
[Result "0-1"]
[WhiteElo "1208"]
[BlackElo "1608"]
[PlyCount "78"]
[EventDate "2019.??.??"]
[WhiteTeam "Recklinghäuser Schachgemeinschaf"]
[BlackTeam "SG Bochum 1931"]

1. d4 e6 2. c4 d5 3. Nc3 Nf6 4. Bg5 Be7 5. Nf3 O-O 6. Bxf6 Bxf6 7. e3 dxc4 8.
Bxc4 Nd7 9. O-O Nb6 10. Bd3 Bd7 11. Rc1 Bc6 12. Be2 Nd5 13. Nxd5 Qxd5 14. b3 a5
15. Bc4 Qd6 16. Re1 a4 17. e4 Qb4 18. e5 Be7 19. Ra1 Rfd8 20. Re3 a3 21. Qc2
Bxf3 22. Rxf3 Rxd4 23. Bd3 h6 24. Bh7+ Kf8 25. Qg6 Rf4 26. Qh5 Qd4 27. Rf1 Rxf3
28. Qxf3 Qxe5 29. Qxb7 Rd8 30. Qe4 Qxe4 31. Bxe4 Rd2 32. g3 Rxa2 33. Rc1 Bd6
34. Rc4 Rd2 35. Ra4 a2 36. Kg2 Be5 37. Ra8+ Ke7 38. h4 a1=Q 39. h5 Bd4 0-1

[Event "OHS 2019"]
[Site "?"]
[Date "2019.03.18"]
[Round "7.19"]
[White "Heinz, Hans-Werner"]
[Black "Böcher, Joachim"]
[Result "0-1"]
[WhiteElo "1349"]
[BlackElo "1506"]
[PlyCount "36"]
[EventDate "2019.??.??"]
[WhiteTeam "SC Recklinghausen Altsta"]
[BlackTeam "SG Höntrop 1947"]

1. e4 c5 2. Nf3 Nc6 3. c3 g6 4. d3 Bg7 5. Be2 d5 6. exd5 Qxd5 7. c4 Qd8 8. O-O
Nf6 9. a3 O-O 10. h3 Qc7 11. Nh2 Nd4 12. Nc3 b6 13. f3 Bb7 14. Be3 Qd8 15. Nb5
Nxb5 16. cxb5 Nh5 17. Qd2 Bd4 18. Bxd4 Qxd4+ 0-1

[Event "OHS 2019"]
[Site "?"]
[Date "2019.03.18"]
[Round "7.20"]
[White "Kümmel, Hans-Jürgen"]
[Black "Bock, Oswin"]
[Result "1/2-1/2"]
[WhiteElo "1579"]
[BlackElo "1368"]
[PlyCount "25"]
[EventDate "2019.??.??"]
[WhiteTeam "SV Günnigfeld 1922 e.V"]
[BlackTeam "SG Höntrop 1947"]

1. Nf3 Nf6 2. g3 g6 3. b3 Bg7 4. Bb2 O-O 5. Bg2 d6 6. d4 c6 7. O-O Nbd7 8. Nbd2
Nb6 9. c4 Nbd7 10. Qc2 c5 11. e3 Rb8 12. Rfe1 b6 13. d5 1/2-1/2